000 00680nam a2200289Ia 4500
005 20260324150545.0
008 008 260324s9999 xx 000 0 eng d
020 _a9781003133261
037 _aEBOOK
040 _aCRL
040 _beng
040 _cCRL
041 _2eng
041 _aeng
084 _qCRL
100 _aGeorge E. Gordon Catlin
_91226828
245 0 _aSystematic Politics
245 0 _bElementa Politica et Sociologica
260 _bTaylor and Francis
260 _c1962
365 _a
365 _b145
856 _uhttp://www.taylorfrancis.com/books/9781003133261
942 _cEBOOK
999 _c1836479
_d1836479